[Event "Cochabamba Hurtado Memorial"]
[Site "Cochabamba"]
[Date "2023.08.04"]
[Round "2"]
[White "Monroy Garzon, Nataly Alejandra"]
[Black "Soliz Flores, Luz Neyda"]
[Result "1-0"]
[WhiteElo "1856"]
[BlackElo "1411"]
[PlyCount "105"]
[EventDate "2023.08.04"]
[EventType "swiss"]
[EventRounds "7"]
[EventCountry "BOL"]
[SourceTitle "CBM 215 Extra"]
[Source "ChessBase"]
[SourceDate "2023.09.30"]
[SourceVersion "1"]
[SourceVersionDate "2023.09.30"]
[SourceQuality "1"]

1. d4 Nf6 2. g3 c5 3. d5 b5 4. Bg2 Bb7 5. e4 d6 6. Ne2 g6 7. 0-0 Bg7 8. c4 bxc4 9. Nd2 Nbd7 10. Nxc4 0-0 11. Rb1 Qc7 12. b3 Nb6 13. Ne3 a5 14. a3 Rfc8 15. Bd2 Ba6 16. Bc3 a4 17. b4 cxb4 18. Bxb4 Nfd7 19. Re1 Nc4 20. Nd4 Nxe3 21. Rxe3 Ne5 22. Bh3 Rf8 23. Rc3 Qa7 24. Nc6 Nxc6 25. Rxc6 Bb5 26. Rc2 Bd7 27. Bxd7 Qxd7 28. Rbc1 Ra7 29. Rc6 Bf6 30. Kg2 h5 31. h3 Kg7 32. Qe2 Rb8 33. Qe3 Rab7 34. R1c2 Ra8 35. Kh2 Kh7 36. f4 Bg7 37. R2c4 Kg8 38. Qf3 Bf6 39. Qe2 Bg7 40. Qc2 Kh7 41. f5 Be5 42. Kg2 Rbb8 43. Qf2 Rg8 44. Rc7 Qe8 45. Bd2 Rb8 46. Qe3 g5 47. Bb4 f6 48. R7c6 Rb7 49. Qe2 h4 50. Rc8 Qb5 51. Qh5+ Kg7 52. Qg6+ Kh8 53. Rxg8# 1-0

[Event "BOL-ch U16 Girls"]
[Site "Cochabamba"]
[Date "2023.01.13"]
[Round "1"]
[White "Barros Jardi Arce, Sarai"]
[Black "Soliz Flores, Luz Neyda"]
[Result "0-1"]
[WhiteElo "1178"]
[BlackElo "1316"]
[PlyCount "71"]
[EventDate "2023.01.13"]
[EventType "swiss"]
[EventRounds "7"]
[EventCountry "BOL"]
[SourceTitle "EXT 2024"]
[Source "ChessBase"]
[SourceDate "2023.10.10"]
[SourceVersion "1"]
[SourceVersionDate "2023.10.10"]
[SourceQuality "1"]

1. d4 Nf6 2. Bf4 c5 3. e3 Qb6 4. b3 g6 5. Nf3 Bg7 6. dxc5 Qb4+ 7. c3 Qxc5 8. Qd4 d6 9. Qxc5 dxc5 10. Be5 Nc6 11. Bb5 Bd7 12. Bxc6 Bxc6 13. Nbd2 0-0 14. Rd1 Rad8 15. 0-0 Rd7 16. Nc4 Rfd8 17. Rxd7 Rxd7 18. Bxf6 exf6 19. Ncd2 f5 20. c4 a5 21. Rc1 Rd3 22. Kf1 Bf6 23. Ke2 Rd8 24. h3 g5 25. Ne1 a4 26. Rc2 Kg7 27. g3 Kg6 28. Ndf3 g4 29. hxg4 fxg4 30. Nd2 h5 31. Nd3 b6 32. Nf4+ Kg5 33. Ng2 Bxg2 34. bxa4 Bc6 35. Rc1 Ra8 36. Rb1 0-1